Statistics for Numbers in German

Click here to take the quiz!

General Stats

  • This quiz has been taken 14 times
  • The average score is 8 of 12

Answer Stats

Number Answer % Correct
3drei
100%
25fünfundzwanzig
85%
42zweiundvierzig
85%
17siebzehn
69%
356dreihundertsechsundfünfzig
69%
613sechshundertdreizehn
69%
854achthundertvierundfünfzig
69%
0null
62%
999neunhundertneunundneunzig
62%
1498eintausendvierhundertachtundneunzig
54%
18971achtzehntausendneunhunderteinundsiebzig
46%
12830zwölftausendachthundertdreißig
38%

Score Distribution

Percentile by Number Answered

Percent of People with Each Score

Your Score History

You have not taken this quiz